000
00275nam a2200121Ia 4500
008
190216s9999||||xx |||||||||||||| ||und||
100
_a
Divakaran P A
245
0
_a
Parutty (novel)
260
_b
Poorna Pubs Kozhikode
_c
1995
300
_a
110
650
_a
Novel
942
_c
BK
999
_c
28251
_d
28251